Geography Quiz

Random Geography or Blitz Quiz

Geography 'L' Blitz Quiz Stats

 Plays Quiz Updated Aug 6, 2018

Challenge
Share
Tweet
Embed
Score 0/20 Timer 02:00
4 Plays Today
Category Answer % Correct
European countryLatvia
95.6%
Asian countryLebanon
93.4%
4 letter countryLaos
89.5%
European capitalLisbon
88.4%
US stateLouisiana
86.8%
South American capitalLa Paz
85.3%
African countryLibya
84.1%
4 letter world capitalLima
81.4%
Summer Olympic cityLos Angeles
76.3%
Texas City (100K+)Lubbock
65%
Category Answer % Correct
Geographic coordinate lineLongitude
63%
World currencyLira
62.2%
US state capitalLansing
55.5%
African city (world top 20)Lagos
48.5%
African capitalLusaka
45.7%
Winter Olympic cityLillehammer
43.5%
English countyLancashire
41.7%
Major island (3500 km2+)Luzon
32.6%
Major river (1000 km+)Lena
13.1%
ArchipelagoLesser Antilles
7.9%

You're not logged in!

Compare scores with friends on all Sporcle quizzes.
Join for Free
OR
Log In

You Might Also Like...

Show Comments

Extras

Top Quizzes Today


Score Distribution

Your Account Isn't Verified!

In order to create a playlist on Sporcle, you need to verify the email address you used during registration. Go to your Sporcle Settings to finish the process.

Report this User

Report this user for behavior that violates our Community Guidelines.

Details: